[Event "Montreal Mercredi 05"]
[Site "Montreal"]
[Date "2019.05.24"]
[Round "5"]
[White "Nunez, Omar"]
[Black "Li, Yilin"]
[Result "0-1"]
[WhiteElo "1899"]
[BlackElo "2047"]
[PlyCount "88"]
[EventDate "2019.05.08"]
[EventType "swiss"]
[EventRounds "5"]
[EventCountry "CAN"]
[SourceTitle "EXT 2022"]
[Source "ChessBase"]
[SourceDate "2021.10.06"]
[SourceVersion "1"]
[SourceVersionDate "2021.10.06"]
[SourceQuality "1"]

1. f4 d5 2. Nf3 Nf6 3. g3 c5 4. Bg2 Nc6 5. d3 g6 6. 0-0 Bg7 7. Qe1 d4 8. e4 dxe3 9. Bxe3 Ng4 10. Bc1 0-0 11. h3 Nd4 12. Na3 Nxf3+ 13. Bxf3 Nh6 14. Kg2 Nf5 15. Qf2 Qc7 16. c3 Rb8 17. Nc2 Rd8 18. g4 Nd6 19. Be3 b6 20. Rad1 e5 21. fxe5 Bxe5 22. Kg1 Be6 23. d4 cxd4 24. Bxd4 Nc4 25. b3 Bg3 26. Qg2 Nb2 27. Rb1 Nd3 28. Rbd1 Nf4 29. Qh1 Bd5 30. Bxd5 Ne2+ 31. Kg2 Rxd5 32. Rf3 Re8 33. Qf1 Nxd4 34. Nxd4 Be5 35. Rfd3 Bxd4 36. cxd4 Qe7 37. R1d2 h5 38. Qf3 Qd7 39. Rf2 hxg4 40. hxg4 Rg5 41. Kh3 f5 42. Re2 Qh7+ 43. Kg3 Rxg4+ 44. Kf2 Qh4+ 0-1

[Event "Montreal Mercredi 08"]
[Site "Montreal"]
[Date "2018.09.26"]
[Round "5"]
[White "Nunez, Omar"]
[Black "Barko, Maxim"]
[Result "1/2-1/2"]
[WhiteElo "1975"]
[BlackElo "1923"]
[PlyCount "57"]
[EventDate "2018.08.29"]
[EventType "swiss"]
[EventRounds "5"]
[EventCountry "CAN"]
[SourceTitle "EXT 2022"]
[Source "ChessBase"]
[SourceDate "2021.10.06"]
[SourceVersion "1"]
[SourceVersionDate "2021.10.06"]
[SourceQuality "1"]

1. e4 e6 2. Qe2 c5 3. Nf3 Nc6 4. d3 d6 5. g3 g6 6. Bg2 Bg7 7. 0-0 Nge7 8. c3 Rb8 9. Rd1 0-0 10. Be3 b5 11. d4 cxd4 12. Nxd4 a6 13. Nxc6 Nxc6 14. Bc5 dxc5 15. Rxd8 Rxd8 16. Nd2 b4 17. e5 bxc3 18. bxc3 Nxe5 19. Nc4 Nxc4 20. Qxc4 Bf8 21. h4 Rb2 22. h5 Rdd2 23. hxg6 hxg6 24. Be4 Rxf2 25. Rf1 Rxf1+ 26. Kxf1 Bd7 27. a4 Bc8 28. Qd3 Be7 29. Qc4 1/2-1/2

[Event "Montreal Mercredi 01"]
[Site "Montreal"]
[Date "2018.01.24"]
[Round "3"]
[White "Lebeau, Gilbert"]
[Black "Nunez, Omar"]
[Result "0-1"]
[WhiteElo "1954"]
[BlackElo "1974"]
[PlyCount "60"]
[EventDate "2018.01.10"]
[EventType "swiss"]
[EventRounds "5"]
[EventCountry "CAN"]
[SourceTitle "EXT 2022"]
[Source "ChessBase"]
[SourceDate "2021.10.06"]
[SourceVersion "1"]
[SourceVersionDate "2021.10.06"]
[SourceQuality "1"]

1. d4 d6 2. c4 f5 3. Bg5 g6 4. Nc3 Bg7 5. e4 fxe4 6. Nxe4 Nd7 7. Nf3 Ngf6 8. Nc3 0-0 9. Be2 c6 10. 0-0 Qe8 11. Re1 h6 12. Bd3 hxg5 13. Qc2 e6 14. Bxg6 Qe7 15. Nxg5 Nb6 16. Qd3 Bh6 17. Nf3 Bd7 18. Ne4 Rad8 19. Neg5 Bc8 20. a4 a5 21. Qb3 Qg7 22. Bd3 Bxg5 23. Qxb6 Nd7 24. Qxa5 Rxf3 25. Bc2 Nf8 26. Kf1 Rxf2+ 27. Kxf2 Qxd4+ 28. Ke2 e5 29. h3 Ne6 30. Rad1 Qe3+ 0-1

[Event "Montreal Vendredi 11"]
[Site "Montreal"]
[Date "2017.11.10"]
[Round "1"]
[White "Tremblay, Alain"]
[Black "Nunez, Omar"]
[Result "0-1"]
[WhiteElo "2139"]
[BlackElo "1940"]
[PlyCount "58"]
[EventDate "2017.11.10"]
[EventType "tourn"]
[EventRounds "3"]
[EventCountry "CAN"]
[SourceTitle "EXT 2022"]
[Source "ChessBase"]
[SourceDate "2021.10.06"]
[SourceVersion "1"]
[SourceVersionDate "2021.10.06"]
[SourceQuality "1"]

1. Nf3 d6 2. d4 g6 3. e4 Bg7 4. h3 Nf6 5. Nc3 0-0 6. Be3 c5 7. dxc5 Qa5 8. Nd2 Be6 9. Nb3 Qd8 10. cxd6 exd6 11. Be2 Nc6 12. 0-0 Rc8 13. Re1 d5 14. exd5 Nxd5 15. Nxd5 Bxd5 16. c3 b6 17. Qd2 Rc7 18. Bh6 Bxb3 19. axb3 Rd7 20. Qc1 Na5 21. Bxg7 Kxg7 22. Bc4 b5 23. Bxb5 Nxb3 24. Qb1 Rd2 25. Ra3 Qb6 26. Be2 Re8 27. Kf1 Nc5 28. b4 Ne4 29. Qxe4 Rxe4 0-1

[Event "Montreal op"]
[Site "Montreal"]
[Date "2017.09.09"]
[Round "2"]
[White "Ouellet, Maili Jade"]
[Black "Nunez, Omar"]
[Result "1-0"]
[WhiteElo "1982"]
[BlackElo "2026"]
[PlyCount "59"]
[EventDate "2017.09.08"]
[EventType "swiss"]
[EventRounds "5"]
[EventCountry "CAN"]
[SourceTitle "CBM 180 Extra"]
[Source "ChessBase"]
[SourceDate "2017.10.06"]
[SourceVersion "1"]
[SourceVersionDate "2017.10.06"]
[SourceQuality "1"]

1. d4 d6 2. c4 g6 3. e4 Bg7 4. Nc3 Na6 5. Be2 c5 6. d5 Nf6 7. f4 Nc7 8. Nf3 a6 9. a4 b6 10. 0-0 0-0 11. Re1 Rb8 12. Qc2 Bb7 13. Bd2 Ba8 14. Rad1 b5 15. cxb5 axb5 16. Nxb5 Nxb5 17. Bxb5 e6 18. dxe6 fxe6 19. Ng5 Ng4 20. Nxe6 Qh4 21. h3 Nf2 22. Qb3 c4 23. Qf3 Nxd1 24. Nxf8 Bd4+ 25. Kh2 c3 26. bxc3 Nxc3 27. Nd7 Rd8 28. Bxc3 Bxc3 29. Qxc3 Qxf4+ 30. Kh1 1-0

[Event "Montreal CMA Futurity ABCD"]
[Site "Montreal"]
[Date "2017.02.12"]
[Round "5"]
[White "Rodrigue Lemieux, Shawn"]
[Black "Nunez, Omar"]
[Result "1-0"]
[WhiteElo "2036"]
[BlackElo "2078"]
[PlyCount "83"]
[EventDate "2017.02.10"]
[EventType "swiss"]
[EventRounds "5"]
[EventCountry "CAN"]
[SourceTitle "EXT 2022"]
[Source "ChessBase"]
[SourceDate "2021.10.06"]
[SourceVersion "1"]
[SourceVersionDate "2021.10.06"]
[SourceQuality "1"]

1. d4 c5 2. e3 e6 3. Bd3 Nf6 4. Nf3 b6 5. 0-0 Bb7 6. Nbd2 Be7 7. Re1 cxd4 8. exd4 d5 9. Ne5 0-0 10. c3 Nbd7 11. Ndf3 Rc8 12. Bf4 a6 13. a4 Nxe5 14. Nxe5 Ne4 15. Qg4 f5 16. Qh5 Qe8 17. Qe2 Ra8 18. f3 Nf6 19. Bc2 Bc8 20. Nd3 Ne4 21. Nc1 Nd6 22. Bb3 Qc6 23. Bxd6 Bxd6 24. Nd3 Bd7 25. f4 Qc7 26. Rf1 a5 27. Rf3 Rae8 28. Raf1 Rf6 29. Rh3 Ref8 30. Rff3 Rg6 31. Rf1 Bc8 32. Re3 Ba6 33. Qf3 Bxd3 34. Rxd3 Rg4 35. Qe3 Bxf4 36. Qxe6+ Kh8 37. h3 Rg6 38. Qxd5 Bh2+ 39. Kh1 f4 40. Kxh2 f3+ 41. Qe5 Rxg2+ 42. Kh1 1-0

[Event "Montreal Mercredi 10"]
[Site "Montreal"]
[Date "2016.10.19"]
[Round "2"]
[White "Nunez, Omar"]
[Black "Esterez, Emmanuel"]
[Result "1/2-1/2"]
[WhiteElo "1942"]
[BlackElo "1919"]
[PlyCount "27"]
[EventDate "2016.10.12"]
[EventType "swiss"]
[EventRounds "5"]
[EventCountry "CAN"]
[SourceTitle "EXT 2022"]
[Source "ChessBase"]
[SourceDate "2021.10.06"]
[SourceVersion "1"]
[SourceVersionDate "2021.10.06"]
[SourceQuality "1"]

1. f4 g6 2. b4 Bg7 3. Nc3 c5 4. bxc5 Nc6 5. Bb2 Nh6 6. e3 0-0 7. Nf3 e5 8. fxe5 Nxe5 9. Be2 Re8 10. 0-0 d6 11. cxd6 Qxd6 12. Ne4 Qb4 13. Bxe5 Bxe5 14. Nxe5 1/2-1/2